Farming freshwater prawns : A manual for the culture of the giant river prawn ( Macrobrachium rosenbergii )

Wedi'i Gadw mewn:
Manylion Llyfryddiaeth
Prif Awdur: New, Michael B.
Fformat: Llyfr
Iaith:Undetermined
Cyhoeddwyd: Rome, Italy FAO 2002
Pynciau:
Tagiau: Ychwanegu Tag
Dim Tagiau, Byddwch y cyntaf i dagio'r cofnod hwn!
Thư viện lưu trữ: Trung tâm Học liệu Trường Đại học Cần Thơ
LEADER 00656nam a2200217Ia 4500
001 CTU_55804
008 210402s9999 xx 000 0 und d
082 |a 639 
082 |b N532 
100 |a New, Michael B. 
245 0 |a Farming freshwater prawns : 
245 2 |b A manual for the culture of the giant river prawn ( Macrobrachium rosenbergii ) 
245 0 |c Michael B. New 
260 |a Rome, Italy 
260 |b FAO 
260 |c 2002 
526 |a Hệ thống sản xuất thủy sản nước mặn/lợ 
526 |b TSN601 
650 |a Fishery 
904 |i Nguyên 
980 |a Trung tâm Học liệu Trường Đại học Cần Thơ